000 00501nam a2200181Ia 4500
005 20250508154936.0
008 008 250505s9999 xx 000 0 hin d
037 _aTextual
040 _aFEDL
_beng
_cFEDL
041 _ahin
_2eng
084 _a891.31, MIS
_qFEDL
100 _aMishra Veerendra
245 0 _aAviram chal madhuvantee
260 _aKolkatta, India
_bBhartiya Gyanpeeth Prakashan
_c1967
300 _a104p.
942 _cTEXL
_h891.31, MIS
999 _c1353013
_d1353013